<?xml version="1.0" encoding="UTF-8"?>
<marc:record xmlns:marc="http://www.loc.gov/MARC21/slim">
   <marc:leader>00000nam a2200000 a 4500</marc:leader>
   <marc:datafield ind1="1" ind2=" " tag="100">
      <marc:subfield code="a">Attenberg, Jami</marc:subfield>
      <marc:subfield code="4">aut</marc:subfield>
      <marc:subfield code="e">Verfasser/-in</marc:subfield>
   </marc:datafield>
   <marc:datafield ind1=" " ind2=" " tag="653">
      <marc:subfield code="a">Softcover / Belletristik/Erzählende Literatur</marc:subfield>
   </marc:datafield>
   <marc:datafield ind1=" " ind2=" " tag="653">
      <marc:subfield code="a">Amerikanische Literatur</marc:subfield>
   </marc:datafield>
   <marc:datafield ind1=" " ind2=" " tag="653">
      <marc:subfield code="a">New York</marc:subfield>
   </marc:datafield>
   <marc:datafield ind1=" " ind2=" " tag="653">
      <marc:subfield code="a">Künstlerroman</marc:subfield>
   </marc:datafield>
   <marc:datafield ind1=" " ind2=" " tag="653">
      <marc:subfield code="a">Koma</marc:subfield>
   </marc:datafield>
   <marc:datafield ind1=" " ind2=" " tag="653">
      <marc:subfield code="a">Emanzipationsgeschichte</marc:subfield>
   </marc:datafield>
   <marc:datafield ind1=" " ind2=" " tag="653">
      <marc:subfield code="a">Fiktionale Darstellung</marc:subfield>
   </marc:datafield>
   <marc:datafield ind1=" " ind2=" " tag="653">
      <marc:subfield code="a">Erzählende Literatur</marc:subfield>
   </marc:datafield>
   <marc:datafield ind1="0" ind2="0" tag="245">
      <marc:subfield code="a">Ehemänner</marc:subfield>
   </marc:datafield>
   <marc:datafield ind1="0" ind2="0" tag="245">
      <marc:subfield code="b">Roman</marc:subfield>
   </marc:datafield>
   <marc:datafield ind1="0" ind2="0" tag="245">
      <marc:subfield code="c">Attenberg, Jami</marc:subfield>
   </marc:datafield>
   <marc:datafield ind1=" " ind2="1" tag="264">
      <marc:subfield code="a">Frankfurt am Main</marc:subfield>
      <marc:subfield code="b">Schöffling &amp; Co.</marc:subfield>
      <marc:subfield code="c">2017</marc:subfield>
   </marc:datafield>
   <marc:datafield ind1=" " ind2=" " tag="250">
      <marc:subfield code="a">1. Aufl.</marc:subfield>
   </marc:datafield>
   <marc:datafield ind1="1" ind2=" " tag="520">
      <marc:subfield code="a">Angaben aus der Verlagsmeldung

Ehemänner / von Jami Attenberg

Jarvis Miller lebt in New Yorks hippem Viertel Williamsburg, doch von dessen aufregendem Wandel bekommt sie nichts mit. Seit ihr Mann, ein berühmter Künstler, durch einen Unfall im Koma liegt, hat sie sich in hingebungsvolle Trauer zurückgezogen. Erst als sie im Waschsalon Tony, Mal und Scott kennenlernt – drei attraktive verheiratete Männer –, entdeckt sie ihre Lebenslust wieder.
Der charmante Tony sieht aus wie ein Filmstar, klagt aber über seinen Alltag als Immobilienmakler. Der geheimnisvolle Mal ringt mit seinem ersten Buch und stürzt sich mit Jarvis ins New Yorker Nachtleben. Auch Scott, der liebevolle Familienvater, lässt ihr Herz schneller schlagen. Gleichzeitig üben Galeristen und Kunsthändler mit ihren Forderungen nach den Bildern ihres Mannes Druck auf sie aus. Der tragische Unfall hat den Wert seiner Kunst in die Höhe schnellen lassen, auch eine Ausstellung im MoMa steht plötzlich im Raum. Da enthüllen eines Tages alte Fotos nie Geahntes über die Vergangenheit des Künstlers, und Jarvis beginnt, nicht nur ihre Ehe infrage zu stellen.
</marc:subfield>
   </marc:datafield>
   <marc:datafield ind1=" " ind2=" " tag="020">
      <marc:subfield code="a">9783895612046</marc:subfield>
      <marc:subfield code="9">9783895612046</marc:subfield>
   </marc:datafield>
   <marc:datafield ind1=" " ind2=" " tag="020">
      <marc:subfield code="a">3895612049</marc:subfield>
      <marc:subfield code="9">3895612049</marc:subfield>
   </marc:datafield>
   <marc:datafield ind1=" " ind2=" " tag="041">
      <marc:subfield code="a">ger</marc:subfield>
   </marc:datafield>
   <marc:datafield ind1=" " ind2=" " tag="300">
      <marc:subfield code="a">320 Seiten</marc:subfield>
   </marc:datafield>
</marc:record>
